00427nam a2200181Ia 4500008004100000020001800041245002700059245001800086260001500104260002200119260000900141300001500150300002500165300001000190440001700200500000900217999001900226170705s9999 xx 000 0 und d a9780531251591 aSaltwater crocodiles / cKate Marsico. aNew York : bChildren's Press, c2014 a48 pages : bcolor illustration ; c21cm. aA true book. a1040 c336645d336645